| 000 | 00794nac a22002171u 4500 | ||
|---|---|---|---|
| 010 | _a 2005276766 | ||
| 020 | _a1844801926 | ||
| 082 | 0 | 0 |
_a658.4012 _bWIT |
| 090 |
_c8907 _d8907 |
||
| 100 | _aWit, Bob de. | ||
| 245 | 1 | 0 |
_aStrategy synthesis : _bresolving strategy paradoxes to create competitive advantage : text and readings / _cBob de Wit, Ron Meyer. |
| 250 | _a2nd ed. | ||
| 260 |
_aLondon : _bThomson Learning ; _aMason, Ohio : _bThomson/South-Western,2005 _c2005. |
||
| 300 |
_axx, 469 p. : _bill. (some col.) ; _c25 cm. |
||
| 511 | _acatalogued by: wessam | ||
| 650 | 0 | _aStrategic planning. | |
| 650 | 0 | _aBusiness planning. | |
| 650 | 0 | _aInternational business enterprises. | |
| 700 | 1 |
_aMeyer, Ron, _d1962- |
|
| 942 |
_cBB _k658.4012WIT |
||
| 999 |
_c8907 _d8907 |
||